Online
Catalog

Enciclopedia juvenil / (Record no. 44744)

MARC details
000 -CABECERA
campo de control de longitud fija 00700nam a2200205 a 4500
001 - NÚMERO DE CONTROL
campo de control 000045255
005 - FECHA Y HORA DE LA ÚLTIMA TRANSACCIÓN
campo de control 20201002050017.0
008 - DATOS DE LONGITUD FIJA--INFORMACIÓN GENERAL
campo de control de longitud fija 150218s1977 sp a 000 0 spa d
020 ## - NÚMERO INTERNACIONAL ESTÁNDAR DEL LIBRO
Número Internacional Estándar del Libro 8471561751
040 ## - FUENTE DE LA CATALOGACIÓN
Centro catalogador/agencia de origen DO-SdBNP
Lengua de catalogación spa
Centro/agencia transcriptor BNPHU
082 ## - NÚMERO DE LA CLASIFICACIÓN DECIMAL DEWEY
Número de clasificación xxxx
Número de documento/Ítem xxxx
245 00 - MENCIÓN DE TÍTULO
Título Enciclopedia juvenil /
Mención de responsabilidad, etc. [traductores del alemán Julio Alvarez, et.. al. ; acoplada... por el grupo de redacción de Editorial Mediterráneo].
260 ## - PUBLICACIÓN, DISTRIBUCIÓN, ETC.
Lugar de publicación, distribución, etc. Madrid :
Nombre del editor, distribuidor, etc. Mediterráneo,
Fecha de publicación, distribución, etc. 1977.
300 ## - DESCRIPCIÓN FÍSICA
Extensión v. :
Otras características físicas il. ;
Dimensiones 19 cm.
490 1# - MENCIÓN DE SERIE
Mención de serie Bolsillo edime
Designación de volumen o secuencia 95
505 0# - NOTA DE CONTENIDO CON FORMATO
Información miscelánea v.5
Título Freud-Incienso --
500 ## - NOTA GENERAL
Nota general Precede al tít.: edime-dtv.
700 1# - PUNTO DE ACCESO ADICIONAL--NOMBRE DE PERSONA
Nombre de persona Alvarez, Julio,
Término indicativo de función/relación tr.
9 (RLIN) 73283
830 #0 - PUNTO DE ACCESO ADICIONAL DE SERIE-TÍTULO UNIFORME
Título uniforme Bolsillo edime ;
Número de parte o sección de la obra 95
9 (RLIN) 73284
Holdings
Estado de retiro Estado de pérdida Restricciones de uso No para préstamo Código de colección Localización permanente Ubicación/localización actual Ubicación en estantería Fecha de adquisición Número de inventario Total de préstamos Signatura topográfica completa Código de barras Fecha visto por última vez Precio válido a partir de Tipo de ítem Koha
      Excluido de préstamo Monografías: Libros y Folletos Patrimonio Dominicano Patrimonio Dominicano En catalogación 18.02.2015 LF1   xxxx xxxx 45255-10 25.06.2020 25.06.2020 No se presta

Powered by Koha